Yerel seçimler (Record no. 8826)

MARC details
000 -BAŞLIK
Sabit Uzunlukta Kontrol Alanı 01371na a2200361 4500
999 ## - SİSTEM KONTROL NUMARALARI (KOHA)
Koha Biblionumber 8826
Koha Biblioitemnumber 8826
001 - KONTROL NUMARASI
Denetim Alanı 21374
003 - KONTROL NUMARASI IDENTIFIER
Denetim Alanı MIRAKIL
005 - SON İŞLEM TARİHİ VE ZAMANI
Denetim Alanı 20210129152148.0
008 - SABİT-BOY VERİ ELEMANLARI - GENEL BİLGİLER
Sabit Uzunlukta Kontrol Alanı 170204b tu 000 0
040 ## - KATALOGLAMA KAYNAK
Orijinal Kataloglama Ajansı Milas
Kataloglama Dili tur
Metne Dönüştürmek Ajansı TR-AnCHP
041 ## - DİL KODU
Metin / Ses Parça Veya Ayrı Başlığın Dil Kodu tur
082 ## - DEWEY ONLU SINIFLANDIRMA NUMARASI
Sınıflandırma Numarası CHP 324.6
Ürün Numarası C36h 2014
090 ## - SINIFLAMA NUMARASI
Sınıflama Numarası BROŞÜR 304
110 ## - ANA GİRİŞ - KURUMSAL ADI
Giriş Elemanı Olarak Kurumsal Ad Veya Yargı Alanı Adı Cumhuriyet Halk Partisi (CHP)
245 ## - BAŞLIK TABLOSU
Başlık Yerel seçimler
Başlığın Kalan Hedef 2014
-- stratejik plan taslağı
Sorumluluk Tablosu, Vb Cumhuriyet Halk Partisi
246 ## - UNVAN FORM VARYING
Başlık Doğru / Kısa Başlığı Hedef 2014
246 ## - UNVAN FORM VARYING
Başlık Doğru / Kısa Başlığı Stratejik plan taslağı
260 ## - YAYIN, DAĞITIM, VB
Yayın, Dağıtım, Vb Yeri Ankara
Yayıncı, Dağıtıcı, Vs Adı CHP
Yayın, Dağıtım, Vb Tarihi 2014
300 ## - FİZİKSEL TANIM
Kapsam 37 s.
Diğer Fiziksel Ayrıntıları rnk. şkl.
Boyutlar 24 sm.
440 ## - SERİSİ TABLOSU / KATMA GİRİŞİ - BAŞLIK
Başlık Cumhuriyet Halk Partisi yayınları
Bir İşin Parçası / Bölümün İsmi Kılavuzlar
505 ## - BİÇİMLENDİRİLDİ İÇİNDEKİLER NOT
Biçimlendirilmiş İçeriği Dikkat Yasal düzenlemelerde yerel yönetimler -- Yerel seçim sürecini etkileyecek olasılıklar -- Yerel seçimler için stratejik planlama
610 ## - KONU KATMA GİRİŞ - TOPLANTI ADI
Giriş Elemanı Olarak Kurumsal Ad Veya Yargı Alanı Adı Cumhuriyet Halk Partisi (CHP)
Genel Alt Bölüm Yerel yönetimler
Kronolojik Alt Bölüm Seçim hukuku
610 ## - KONU KATMA GİRİŞ - TOPLANTI ADI
Giriş Elemanı Olarak Kurumsal Ad Veya Yargı Alanı Adı Cumhuriyet Halk Partisi (CHP)
Genel Alt Bölüm Yerel seçimler, 2014
Kronolojik Alt Bölüm Kılavuzlar
650 ## - KONU KATMA GİRİŞ - TOPİKAL DÖNEM
Topikal Süreli Veya Coğrafi Ad Giriş Elemanı Seçim hukuku
Genel Alt Bölümü Yerel seçimler, 2014
650 ## - KONU KATMA GİRİŞ - TOPİKAL DÖNEM
Topikal Süreli Veya Coğrafi Ad Giriş Elemanı Yerel yönetimler
Genel Alt Bölümü Hukuk ve mevzuat
650 ## - KONU KATMA GİRİŞ - TOPİKAL DÖNEM
Topikal Süreli Veya Coğrafi Ad Giriş Elemanı Yerel seçimler, 2014
Genel Alt Bölümü Kılavuzlar
Coğrafi Alt Bölümü Türkiye
830 ## - SERİSİ EKLENDİ GİRİŞ - ÜNİFORM ADI
Üniforma Başlık CHP kılavuzları
942 ## - EKLENDİ GİRİŞ ELEMANLARI (KOHA)
Sınıflandırma Veya Raf Düzeni Kaynak Dewey Decimal Classification
Koha Öğesi Türü Books
999 ## - SİSTEM KONTROL NUMARALARI (KOHA)
Koha Biblioitemnumber 8826
999 ## - SİSTEM KONTROL NUMARALARI (KOHA)
Koha Biblioitemnumber 8826
Holdings
Kullanım Kısıtlamaları Kalıcı Konum Mevcut Konum Edinme Tarihi Edinim Kaynak Kodlu Konum Eleme Toplam Check-Out'Lar Tam Çağrı Numarası Barkod Tarih Son Görülme İtibaren Geçerli Fiyatlar Koha Öğesi Türü
Kütüphane dışına çıkarılamaz CHP Kütüphanesi CHP Kütüphanesi 02/04/2017 Bağış BROŞÜRLER   BROŞÜR 304 013391 02/04/2017 02/04/2017 Visual Material